| 000 | 00430nam a2200181 a 4500 | ||
|---|---|---|---|
| 001 | BRCA_7161 | ||
| 005 | 20190320205731.0 | ||
| 008 | 110112s1901----gw-#######---#000-0#ger-# | ||
| 041 | _ager | ||
| 044 | _agw | ||
| 245 | 1 | 0 |
_aUnter Rosen _cAndre Theuriet. |
| 260 |
_aStuttgart, Alemania _bEngelhrn _c1901 |
||
| 300 |
_a160 p. _c18 cm. |
||
| 500 | _aP49 | ||
| 650 | 1 | 4 |
_aLiteratura francesa _917761 |
| 902 | _aGFM | ||
| 942 |
_2lcc _cB |
||
| 999 |
_c6842 _d6842 |
||